[Event "Asti Alfieri Memorial 2nd"]
[Site "Asti"]
[Date "2007.03.25"]
[Round "5"]
[White "Idili, Leonardo"]
[Black "Pomaro, Stefano"]
[Result "1/2-1/2"]
[WhiteElo "1758"]
[BlackElo "1901"]
[PlyCount "84"]
[EventDate "2007.03.22"]
[EventType "swiss"]
[EventRounds "6"]
[EventCountry "ITA"]
[SourceTitle "EXT 2010"]
[Source "ChessBase"]
[SourceDate "2010.11.25"]
[SourceVersion "1"]
[SourceVersionDate "2010.11.25"]
[SourceQuality "1"]

1. d4 f5 2. c4 Nf6 3. Nf3 e6 4. g3 c6 5. Bg2 d5 6. c5 b6 7. b4 a5 8. bxa5 bxc5 9. 0-0 Rxa5 10. Bd2 Ra8 11. Bg5 Bd6 12. dxc5 Bxc5 13. Qc2 Nbd7 14. Nbd2 0-0 15. Nb3 Qb6 16. Nxc5 Nxc5 17. Rfc1 Nce4 18. Be3 c5 19. Bxc5 Nxc5 20. Qxc5 Qxc5 21. Rxc5 Ne4 22. Rc6 Bd7 23. Rc7 Bb5 24. Nd4 Bc4 25. Nxe6 Rf7 26. Rc6 h6 27. e3 Rb7 28. Bxe4 fxe4 29. Kg2 Rxa2 30. Rxa2 Bxa2 31. Nf4 Rd7 32. Ne2 Bc4 33. Nd4 Kf7 34. h4 Ra7 35. Nf5 Be2 36. Nd4 Bc4 37. Rd6 Ra6 38. Rxa6 Bxa6 39. Kh3 Kf6 40. Kg4 g6 41. Kh3 Bc8+ 42. Kh2 Ba6 1/2-1/2

[Event "Asti Alfieri Memorial 2nd"]
[Site "Asti"]
[Date "2007.03.22"]
[Round "1"]
[White "Pulito, Alberto"]
[Black "Pomaro, Stefano"]
[Result "1-0"]
[WhiteElo "2239"]
[BlackElo "1901"]
[PlyCount "67"]
[EventDate "2007.03.22"]
[EventType "swiss"]
[EventRounds "6"]
[EventCountry "ITA"]
[SourceTitle "EXT 2010"]
[Source "ChessBase"]
[SourceDate "2010.11.25"]
[SourceVersion "1"]
[SourceVersionDate "2010.11.25"]
[SourceQuality "1"]

1. e4 c6 2. d4 d5 3. Nc3 dxe4 4. Nxe4 Nf6 5. Nxf6+ gxf6 6. Nf3 Bg4 7. Be2 Qc7 8. c4 e6 9. Qa4 Nd7 10. Be3 Bd6 11. h3 Bf5 12. Nh4 Be4 13. Bf3 Bxf3 14. Nxf3 Bf4 15. Qa3 Bxe3 16. Qxe3 0-0-0 17. 0-0-0 Rhe8 18. Kb1 c5 19. b3 cxd4 20. Nxd4 a6 21. Rhe1 Ne5 22. f4 Nc6 23. f5 e5 24. Nb5 Qe7 25. Na7+ Nxa7 26. Qxa7 Qc7 27. Rd5 Rxd5 28. cxd5 Kd7 29. Rc1 Qb8 30. Qb6 Rc8 31. Qxf6 Rxc1+ 32. Kxc1 Qc7+ 33. Kb2 Ke8 34. d6 1-0

[Event "Veneto Region-ch"]
[Site "Arqua Petrarca"]
[Date "2006.05.07"]
[Round "3"]
[White "Brugnaro, Luca"]
[Black "Pomaro, Stefano"]
[Result "0-1"]
[WhiteElo "1332"]
[BlackElo "1933"]
[PlyCount "42"]
[EventDate "2006.05.06"]
[EventType "swiss"]
[EventRounds "6"]
[EventCountry "ITA"]
[SourceTitle "EXT 2011"]
[Source "ChessBase"]
[SourceDate "2010.11.26"]
[SourceVersion "1"]
[SourceVersionDate "2010.11.26"]
[SourceQuality "1"]

1. c4 f5 2. e3 e5 3. d4 Bb4+ 4. Nc3 Nc6 5. a3 Bxc3+ 6. bxc3 Nf6 7. Bd3 d6 8. Ne2 0-0 9. Ng3 e4 10. Be2 Ne7 11. 0-0 Bd7 12. Qb3 Rb8 13. c5+ d5 14. f3 Kh8 15. fxe4 fxe4 16. c4 Bc6 17. Nh5 Nxh5 18. Rxf8+ Qxf8 19. Bxh5 Qf5 20. cxd5 Rf8 21. Bd2 Qf2+ 0-1

[Event "Padova Weekend op-B 8th"]
[Site "Padova"]
[Date "2005.12.11"]
[Round "2.6"]
[White "Bonafede, Alessandro"]
[Black "Pomaro, Stefano"]
[Result "1-0"]
[WhiteElo "2147"]
[BlackElo "1919"]
[PlyCount "60"]
[EventDate "2005.12.10"]
[EventType "swiss"]
[EventRounds "6"]
[EventCountry "ITA"]
[SourceTitle "EXT 2024"]
[Source "ChessBase"]
[SourceDate "2023.10.10"]
[SourceVersion "1"]
[SourceVersionDate "2023.10.10"]
[SourceQuality "1"]

1. e4 c6 2. d4 d5 3. f3 dxe4 4. fxe4 e5 5. Nf3 Be6 6. c3 Nd7 7. Bd3 exd4 8. cxd4 Bb4+ 9. Nc3 Qa5 10. Bd2 Qc7 11. 0-0 Ngf6 12. e5 Bxc3 13. bxc3 Nd5 14. Ng5 Nf8 15. Ne4 0-0-0 16. Rb1 Nb6 17. Nd6+ Rxd6 18. exd6 Qxd6 19. Qf3 Ng6 20. Bf5 Rf8 21. Rbe1 Nd7 22. Qe4 Bd5 23. Qg4 Bc4 24. Rf2 h5 25. Qxh5 Rh8 26. Qxh8+ Nxh8 27. Re8+ Kc7 28. Bf4 Qxf4 29. Rxf4 Ng6 30. Bxg6 fxg6 1-0

[Event "Ravenna op"]
[Site "Ravenna"]
[Date "2005.10.14"]
[Round "1"]
[White "Brancaleoni, Maurizio"]
[Black "Pomaro, Stefano"]
[Result "1-0"]
[WhiteElo "2308"]
[BlackElo "1919"]
[PlyCount "61"]
[EventDate "2005.10.14"]
[EventType "swiss"]
[EventRounds "5"]
[EventCountry "ITA"]
[SourceTitle "EXT 2007"]
[Source "ChessBase"]
[SourceDate "2006.11.23"]
[SourceVersion "1"]
[SourceVersionDate "2006.11.23"]
[SourceQuality "1"]

1. c4 f5 2. d4 Nf6 3. g3 e6 4. Bg2 Be7 5. Nc3 0-0 6. Nh3 c6 7. d5 Ng4 8. 0-0 e5 9. d6 Bf6 10. e4 g6 11. Re1 Na6 12. a3 Qb6 13. b4 Qd4 14. Qb3 Qxd6 15. c5+ Qe6 16. Qxe6+ dxe6 17. f3 Nxh2 18. Kxh2 Rd8 19. Be3 f4 20. Bf2 Rd3 21. Rac1 Bd7 22. Bf1 Rd2 23. Red1 Rxd1 24. Rxd1 Rd8 25. Bc4 Kf7 26. gxf4 exf4 27. Bd4 g5 28. Bxf6 Kxf6 29. e5+ Kxe5 30. Nxg5 Nc7 31. Nf7+ 1-0

[Event "Alta Padovana op-B 5th"]
[Site "Loreggia"]
[Date "2005.02.27"]
[Round "4"]
[White "Reginato, Sabrina"]
[Black "Pomaro, Stefano"]
[Result "0-1"]
[WhiteElo "1637"]
[BlackElo "1723"]
[PlyCount "114"]
[EventDate "2005.02.25"]
[EventType "swiss"]
[EventRounds "5"]
[EventCountry "ITA"]
[SourceTitle "EXT 2024"]
[Source "ChessBase"]
[SourceDate "2023.10.10"]
[SourceVersion "1"]
[SourceVersionDate "2023.10.10"]
[SourceQuality "1"]

1. e4 c6 2. d4 d5 3. e5 Bf5 4. Bd3 Bxd3 5. Qxd3 e6 6. c3 Qb6 7. Nf3 c5 8. a3 Nc6 9. b4 c4 10. Qc2 a5 11. Bb2 Nh6 12. 0-0 Be7 13. Re1 a4 14. Nbd2 Qa6 15. Nf1 b5 16. Ng3 0-0-0 17. h3 Rdg8 18. Nh2 Qb6 19. Rf1 Bh4 20. Bc1 Nxe5 21. dxe5 Bxg3 22. Be3 Bxh2+ 23. Kxh2 Qd8 24. Qd2 Qh4 25. f3 Nf5 26. Bf2 Qh6 27. Qd1 Qf4+ 28. g3 Qxe5 29. Qd2 h5 30. f4 Qc7 31. Kg2 Nd6 32. Qe3 Ne4 33. Bg1 g5 34. Bh2 gxf4 35. Rxf4 f5 36. Rd1 Rh7 37. Kh1 Rhg7 38. Rg1 Rg6 39. h4 Rg4 40. Rf3 f4 41. Rxf4 Rxf4 42. gxf4 Rxg1+ 43. Kxg1 Qg7+ 44. Kf1 Qxc3 45. Qxc3 Nxc3 46. Ke1 Ne4 47. Bg1 Kd7 48. Ke2 Ke7 49. Bd4 Kf7 50. Ke3 Kg6 51. Kf3 Kf5 52. Be5 c3 53. Ke3 c2 54. Bb2 Kg4 55. Bc1 Kxh4 56. Kd3 Kg4 57. Kxc2 h4 0-1

[Event "Veneto-ch qf 63rd"]
[Site "Arqua Petrarca"]
[Date "2003.05.11"]
[Round "6.19"]
[White "Pomaro, Stefano"]
[Black "Negro, Raffaele"]
[Result "0-1"]
[WhiteElo "1626"]
[BlackElo "1696"]
[PlyCount "62"]
[EventDate "2003.05.03"]
[EventType "swiss"]
[EventRounds "6"]
[EventCountry "ITA"]
[SourceTitle "EXT 2024"]
[Source "ChessBase"]
[SourceDate "2023.10.10"]
[SourceVersion "1"]
[SourceVersionDate "2023.10.10"]
[SourceQuality "1"]

1. e4 d6 2. d4 Nf6 3. Nc3 g6 4. f3 c6 5. Be3 Qb6 6. a3 Bg7 7. Bc4 0-0 8. Nge2 Nbd7 9. Qd2 Qxb2 10. 0-0 Qb6 11. e5 Nd5 12. Bxd5 cxd5 13. Nxd5 Qd8 14. exd6 exd6 15. Bg5 f6 16. Bf4 Nb6 17. Nec3 Nxd5 18. Nxd5 Be6 19. Nc3 Bc4 20. Rfe1 f5 21. Rab1 Qd7 22. Bg5 Rfe8 23. Qf4 b5 24. Qh4 Rxe1+ 25. Rxe1 Re8 26. Rxe8+ Qxe8 27. Kf2 a5 28. Kg3 Qe1+ 29. Kh3 Qxc3 30. Bd8 Qxd4 31. Qe7 Qe5 0-1

[Event "Padova op-A 5th"]
[Site "Padova"]
[Date "2002.12.15"]
[Round "2.34"]
[White "Pomaro, Stefano"]
[Black "Rigo, Caterina"]
[Result "1-0"]
[WhiteElo "1614"]
[BlackElo "1561"]
[PlyCount "83"]
[EventDate "2002.12.14"]
[EventType "swiss"]
[EventRounds "6"]
[EventCountry "ITA"]
[SourceTitle "EXT 2023"]
[Source "ChessBase"]
[SourceDate "2022.10.05"]
[SourceVersion "1"]
[SourceVersionDate "2022.10.05"]
[SourceQuality "1"]

1. e4 d5 2. exd5 Qxd5 3. Nc3 Qd6 4. d4 Nf6 5. g3 Nc6 6. Nb5 Qd8 7. d5 Nb4 8. c4 Bf5 9. Nd4 c5 10. Nxf5 e6 11. Ne3 exd5 12. Nxd5 Nfxd5 13. cxd5 Qe7+ 14. Be3 Qe4 15. Bb5+ Kd8 16. Nf3 Nc2+ 17. Ke2 Nxa1 18. Qxa1 Qc2+ 19. Kf1 c4 20. Qc1 Qd3+ 21. Kg2 Qf5 22. Re1 Bb4 23. Rd1 h6 24. Qxc4 Ba5 25. Qd4 Rg8 26. Bd3 Qf6 27. Qxf6+ gxf6 28. Bxh6 Rc8 29. Bf5 Rc5 30. Be3 Rb5 31. Bd4 Ke7 32. Bxa7 Rxb2 33. d6+ Kd8 34. Bd4 Rxa2 35. Be4 Ke8 36. Bxb7 Bd8 37. d7+ Kf8 38. Bxf6 Bxf6 39. d8Q+ Bxd8 40. Rxd8+ Kg7 41. Rxg8+ Kxg8 42. Bc8 1-0

[Event "Veneto-ch qf 62nd"]
[Site "Arqua Petrarca"]
[Date "2002.05.??"]
[Round "2"]
[White "Caruso, Augusto"]
[Black "Pomaro, Stefano"]
[Result "1-0"]
[WhiteElo "2251"]
[BlackElo "1626"]
[PlyCount "47"]
[EventDate "2002.05.04"]
[EventType "swiss"]
[EventRounds "6"]
[EventCountry "ITA"]
[SourceTitle "EXT 2023"]
[Source "ChessBase"]
[SourceDate "2022.10.05"]
[SourceVersion "1"]
[SourceVersionDate "2022.10.05"]
[SourceQuality "1"]

1. e4 c6 2. d4 d5 3. Nc3 dxe4 4. Nxe4 Nf6 5. Ng3 e5 6. Nf3 Bg4 7. dxe5 Qxd1+ 8. Kxd1 Nfd7 9. Bf4 Be7 10. Ne4 0-0 11. Kc1 Bxf3 12. gxf3 Nc5 13. Nxc5 Bxc5 14. Be3 Nd7 15. f4 Rad8 16. c3 Bxe3+ 17. fxe3 Nc5 18. Kc2 Ne4 19. Re1 Rd2+ 20. Kc1 Rfd8 21. Be2 Kf8 22. Rd1 Ke7 23. Rxd2 Rxd2 24. Bf3 1-0